000 00672cam a2200241 a 4500
001 4299375
005 20171222040123.0
008 860515s1987 moua b 001 0 eng
010 _a 86080173
020 _a0882435205
040 _aDLC
_cDLC
_dDLC
041 _aeng
080 _a419
082 0 0 _a419 RIE
_219
100 1 _a46
101 _aEDU
245 1 4 _aThe joy of signing :
_cLottie L. Riekehof.
504 _aBibliography: p. 341.
906 _a7
_bcbc
_corignew
_d1
_eopcn
_f19
_gy-gencatlg
942 _2ddc
_cBK
999 _c39307
_d39307